000 00798nam a2200289 i 4500
003 DO-SdBNP
005 20241015135421.0
007 ta
008 241015b2005 pr ||||| |||| 00| 0 spa d
020 _a193227473
040 _aDO-SdBNP
_bspa
_cBNPHU
_erda
082 4 _bA577f
_222
100 _986670
245 1 0 _aEl factor carne /
_cRey Emmanuel Andújar
264 4 _aSanto Domingo :
_bIsla Negra Editores ,
_c2005
300 _a83 páginas ;
_c22 cm.
336 _atexto
_btxt
_2rdacontent
337 _asin mediación
_bn
_2rdamedia
338 _avolumen
_bnc
_2rdacarrier
490 1 _aEl rostro y la máscara
590 _aInventariado, 2024/DG
650 4 _aCuentos dominicanos
_914827
650 4 _aLiteratura dominicana
700 _922707
910 _aDG
942 _2ddc
_cLBS1
999 _c57871
_d57871